| 000 | 02801nam0a2200433 4500 | ||
|---|---|---|---|
| 001 | RU\NLR\BIBL_A\022419714 | ||
| 005 | 20250121142726.0 | ||
| 010 |
_a978-5-8381-0479-3 _9200 |
||
| 021 |
_aRU _bКН-П-24-071422 _9КН-П-24-7130 |
||
| 035 | _a(NLR Aleph) 022419714 | ||
| 090 |
_a13338104 _c13338104 |
||
| 100 | _a20241224d2024 k y0rusy50 ca | ||
| 101 | 0 |
_arus _deng |
|
| 102 | _aRU | ||
| 105 | _aab z 000yy | ||
| 181 | 0 |
_ai3 _baxxe |
|
| 182 | 0 | _an | |
| 200 | 1 |
_aСтраны Индокитая в АСЕАН: ключевые аспекты развития _dMainland Asean countries: core trends of development _eколлективная монография _fВ. В. Бойцов, А. В. Бредихин, Е. С. Бурова [и др.] _gответственный редактор: д. э. н. В. М. Мазырин _gМинистерство науки и высшего образования Российской Федерации, Институт Китая и современной Азии Российской академии наук, Центр изучения Вьетнама и АСЕАН _zeng |
|
| 203 |
_aТекст _bвизуальный _cнепосредственный |
||
| 210 |
_aМосква _cИКСА РАН _d2024 |
||
| 215 |
_a307 с. _cцв. ил., карты, табл. _d22 |
||
| 300 | _aАвт. указаны на обороте тит. с. | ||
| 300 | _aАвт. также на англ. яз.: . V. V. Boytsov, A. V. Bredikhin, E. S. Burova [et al.] | ||
| 300 | _aНа с. 302-304 авт.: В. В. Бойцов, д-р экон. наук, проф., А. В. Бредихин, канд. ист. наук, преподаватель, Е. С. Бурова [и др.] | ||
| 320 | _aБиблиогр. в подстроч. примеч. | ||
| 510 | 1 |
_aMainland Asean countries: core trends of development _zeng |
|
| 607 |
_aСтраны Индокитая _xИстория _zкон. 20 - нач. 21 вв. _92661675 _3RU\NLR\AUTH\6601749702 |
||
| 686 | 1 | _aТ3(575.1)63,02 | |
| 701 | 1 |
_aБойцов _bВ. В. _gВалерий Васильевич |
|
| 701 | 1 |
_aБредихин _bА. В. _gАнтон Викторович |
|
| 701 | 1 |
_aБурова _bЕ. С. _gЕлена Сергеевна |
|
| 702 | 1 |
_aМазырин _bВ. М. _f1949- _gВладимир Моисеевич _4340 |
|
| 712 | 0 | 2 |
_4570 _aАссоциация государств Юго-Восточной Азии _9537179 _3RU\NLR\AUTH\8810019639 |
| 712 | 0 | 2 |
_4570 _aИнститут Китая и современной Азии _bЦентр изучения Вьетнама и АСЕАН _cМосква _9835140 _3RU\NLR\AUTH\880584633 |
| 942 | _cBOOK | ||
| 980 | _aNB | ||